[Event "DEM U10 2025"]
[Site "Willingen GER"]
[Date "2025.06.14"]
[Round "9"]
[White "Nabe, Sebastian"]
[Black "Vranckx, Gabriel"]
[Result "1-0"]
[Termination "normal"]
[Board "23"]
[WhiteElo "1467"]
[BlackElo "1627"]
[WhiteClock "00:19:31"]
[BlackClock "00:31:46"]
[PlyCount "137"]
[WhiteFideId "533011079"]
[BlackFideId "533031266"]
[EventCountry "GER"]
[EventRounds "9"]
[EventType "swiss"]
[EventDate "2025.06.07"]

1. e4 {[%clk 01:30:57]} {[%emt 00:00:02]} e5 {[%clk 01:30:36]} {[%emt
00:00:24]} 2. Nf3 {[%clk 01:31:05]} {[%emt 00:00:22]} Nc6 {[%clk 01:30:37]}
{[%emt 00:00:29]} 3. Bc4 {[%clk 01:30:43]} {[%emt 00:00:53]} Bc5 {[%clk
01:30:26]} {[%emt 00:00:39]} 4. d3 {[%clk 01:28:55]} {[%emt 00:02:20]} Nf6
{[%clk 01:30:10]} {[%emt 00:00:45]} 5. O-O {[%clk 01:28:12]} {[%emt 00:01:14]}
d6 {[%clk 01:30:01]} {[%emt 00:00:38]} 6. c3 {[%clk 01:26:24]} {[%emt
00:02:19]} a6 {[%clk 01:29:18]} {[%emt 00:01:13]} 7. Nbd2 {[%clk 01:23:50]}
{[%emt 00:03:03]} Ba7 {[%clk 01:29:23]} {[%emt 00:00:26]} 8. Re1 {[%clk
01:21:21]} {[%emt 00:02:59]} O-O {[%clk 01:25:03]} {[%emt 00:04:49]} 9. h3
{[%clk 01:17:51]} {[%emt 00:04:01]} Na5 {[%clk 01:24:36]} {[%emt 00:00:56]} 10.
a4 {[%clk 01:15:54]} {[%emt 00:02:27]} Nxc4 {[%clk 01:24:40]} {[%emt 00:00:26]}
11. Nxc4 {[%clk 01:15:49]} {[%emt 00:00:35]} h6 {[%clk 01:23:43]} {[%emt
00:01:27]} 12. Ncd2 {[%clk 01:13:41]} {[%emt 00:02:38]} Be6 {[%clk 01:23:24]}
{[%emt 00:00:49]} 13. Nf1 {[%clk 01:11:09]} {[%emt 00:02:59]} Qd7 {[%clk
01:21:42]} {[%emt 00:02:14]} 14. Ng3 {[%clk 01:06:56]} {[%emt 00:04:43]} Qe7
{[%clk 01:11:01]} {[%emt 00:11:12]} 15. Qe2 {[%clk 01:00:05]} {[%emt 00:07:20]}
b5 {[%clk 01:08:48]} {[%emt 00:02:44]} 16. axb5 {[%clk 00:56:59]} {[%emt
00:03:34]} axb5 {[%emt 00:01:12]} 17. d4 {[%clk 00:53:24]} {[%emt 00:00:54]}
Bc4 {[%clk 01:09:10]} {[%emt 00:02:39]} 18. Qc2 {[%clk 00:53:18]} {[%emt
00:00:31]} Nd7 {[%clk 01:04:01]} {[%emt 00:05:43]} 19. Be3 {[%clk 00:51:41]}
{[%emt 00:02:00]} c6 {[%clk 01:01:00]} {[%emt 00:03:37]} 20. Rad1 {[%clk
00:49:46]} {[%emt 00:02:17]} Qe6 {[%clk 01:01:10]} {[%emt 00:00:29]} 21. Rb1
{[%clk 00:47:57]} {[%emt 00:02:19]} Ba2 {[%clk 00:59:41]} {[%emt 00:02:00]} 22.
Ra1 {[%clk 00:45:59]} {[%emt 00:02:28]} Bb3 {[%clk 00:59:33]} {[%emt 00:00:38]}
23. Qd2 {[%clk 00:44:08]} {[%emt 00:02:17]} Nf6 {[%clk 00:56:17]} {[%emt
00:03:51]} 24. Ra3 {[%clk 00:42:04]} {[%emt 00:02:28]} Bb6 {[%clk 00:53:25]}
{[%emt 00:03:29]} 25. d5 {[%clk 00:40:00]} {[%emt 00:02:33]} Bxe3 {[%clk
00:52:44]} {[%emt 00:01:10]} 26. Rxe3 {[%clk 00:39:46]} {[%emt 00:00:44]} Bxd5
{[%clk 00:52:28]} {[%emt 00:00:46]} 27. exd5 {[%clk 00:39:36]} {[%emt
00:00:41]} Nxd5 {[%clk 00:52:40]} {[%emt 00:00:18]} 28. Re1 {[%clk 00:39:23]}
{[%emt 00:00:43]} Rxa3 {[%clk 00:52:02]} {[%emt 00:01:08]} 29. bxa3 {[%clk
00:39:25]} {[%emt 00:00:28]} Ra8 {[%clk 00:51:37]} {[%emt 00:00:55]} 30. Ra1
{[%clk 00:36:37]} {[%emt 00:03:19]} Nb6 {[%clk 00:51:44]} {[%emt 00:00:24]} 31.
Qb2 {[%clk 00:31:02]} {[%emt 00:06:04]} Nc4 {[%clk 00:51:35]} {[%emt 00:00:39]}
32. Qb4 {[%clk 00:28:46]} {[%emt 00:02:46]} Ra4 {[%clk 00:50:19]} {[%emt
00:01:46]} 33. Qb3 {[%clk 00:25:24]} {[%emt 00:03:52]} d5 {[%clk 00:50:22]}
{[%emt 00:00:27]} 34. Nf1 {[%clk 00:24:04]} {[%emt 00:01:50]} Qd6 {[%clk
00:49:58]} {[%emt 00:00:55]} 35. Ne3 {[%clk 00:22:32]} {[%emt 00:02:01]} Rxa3
{[%clk 00:49:08]} {[%emt 00:01:21]} 36. Rxa3 {[%clk 00:22:11]} {[%emt
00:00:51]} Nxa3 {[%clk 00:49:13]} {[%emt 00:00:24]} 37. Nxe5 {[%clk 00:22:16]}
{[%emt 00:00:26]} Qxe5 {[%clk 00:47:40]} {[%emt 00:02:03]} 38. Qxa3 {[%clk
00:22:18]} {[%emt 00:00:28]} Kh7 {[%clk 00:46:44]} {[%emt 00:01:27]} 39. Qc5
{[%clk 00:22:15]} {[%emt 00:00:32]} Qe6 {[%clk 00:45:34]} {[%emt 00:01:40]} 40.
Nc2 {[%emt 00:04:15]} Qe2 {[%clk 00:42:44]} 41. Nd4 {[%clk 00:21:40]} {[%emt
00:00:39]} Qe1+ {[%clk 00:42:38]} {[%emt 00:00:35]} 42. Kh2 {[%clk 00:21:43]}
{[%emt 00:00:28]} Qxf2 {[%clk 00:42:51]} {[%emt 00:00:17]} 43. Nb3 {[%clk
00:21:20]} {[%emt 00:00:51]} Qxc5 {[%clk 00:42:30]} {[%emt 00:00:53]} 44. Nxc5
{[%clk 00:21:13]} {[%emt 00:00:36]} Kg6 {[%clk 00:42:38]} {[%emt 00:00:22]} 45.
Kg3 {[%clk 00:21:37]} {[%emt 00:00:07]} Kf5 {[%clk 00:42:27]} {[%emt 00:00:41]}
46. Kf3 {[%clk 00:21:23]} {[%emt 00:00:44]} Ke5 {[%clk 00:42:26]} {[%emt
00:00:31]} 47. Ke3 {[%clk 00:20:42]} {[%emt 00:01:10]} Kd6 {[%clk 00:41:54]}
{[%emt 00:01:01]} 48. Kd4 {[%clk 00:20:42]} {[%emt 00:00:31]} g5 {[%clk
00:40:33]} {[%emt 00:01:51]} 49. g4 {[%clk 00:19:34]} {[%emt 00:01:38]} f6
{[%clk 00:39:54]} {[%emt 00:01:09]} 50. Nd3 {[%clk 00:19:09]} {[%emt 00:00:53]}
Kc7 {[%clk 00:38:39]} {[%emt 00:01:39]} 51. Kc5 {[%clk 00:19:28]} {[%emt
00:00:18]} Kd7 {[%clk 00:39:03]} {[%emt 00:00:06]} 52. Kd4 {[%clk 00:19:39]}
{[%emt 00:00:19]} Kd6 {[%clk 00:37:29]} {[%emt 00:02:04]} 53. Nc5 {[%clk
00:19:55]} {[%emt 00:00:14]} Kc7 {[%clk 00:36:03]} {[%emt 00:01:55]} 54. Ne6+
{[%clk 00:19:56]} {[%emt 00:00:29]} Kb6 {[%clk 00:36:17]} {[%emt 00:00:16]} 55.
Nf8 {[%clk 00:19:50]} {[%emt 00:00:36]} b4 {[%clk 00:35:08]} {[%emt 00:01:40]}
56. cxb4 {[%clk 00:20:07]} {[%emt 00:00:13]} Kb5 {[%clk 00:35:31]} {[%emt
00:00:07]} 57. Kc3 {[%clk 00:19:46]} {[%emt 00:00:51]} Ka4 {[%clk 00:34:19]}
{[%emt 00:01:42]} 58. Nd7 {[%clk 00:19:34]} {[%emt 00:00:43]} d4+ {[%clk
00:34:20]} {[%emt 00:00:29]} 59. Kc4 {[%clk 00:18:44]} {[%emt 00:01:16]} d3
{[%clk 00:32:43]} {[%emt 00:02:10]} 60. Kxd3 {[%clk 00:18:56]} {[%emt
00:00:17]} Kxb4 {[%clk 00:33:02]} {[%emt 00:00:11]} 61. Kd4 {[%clk 00:19:03]}
{[%emt 00:00:21]} Kb5 {[%clk 00:32:43]} {[%emt 00:00:51]} 62. Nxf6 {[%clk
00:18:50]} {[%emt 00:00:43]} c5+ {[%clk 00:32:40]} {[%emt 00:00:33]} 63. Kc3
{[%clk 00:18:44]} {[%emt 00:00:36]} Kc6 {[%clk 00:33:01]} {[%emt 00:00:09]} 64.
Ng8 {[%clk 00:19:06]} {[%emt 00:00:08]} Kd5 {[%clk 00:33:13]} {[%emt 00:00:18]}
65. Nxh6 {[%clk 00:19:15]} {[%emt 00:00:21]} Ke5 {[%clk 00:33:30]} {[%emt
00:00:13]} 66. Nf7+ {[%emt 00:00:41]} Kf4 {[%clk 00:33:43]} {[%emt 00:00:15]}
67. Kc4 {[%clk 00:19:08]} {[%emt 00:00:28]} Kg3 {[%clk 00:31:45]} {[%emt
00:02:29]} 68. Nxg5 {[%clk 00:19:27]} {[%emt 00:00:10]} Kf4 {[%clk 00:31:46]}
{[%emt 00:00:29]} 69. Nh7 {[%clk 00:19:31]} {[%emt 00:00:24]} 1-0

[Event "DEM U10 2025"]
[Site "Willingen GER"]
[Date "2025.06.14"]
[Round "9"]
[White "Laß, Matteo"]
[Black "Liu, Peilin"]
[Result "1-0"]
[Termination "normal"]
[Board "24"]
[WhiteElo "1277"]
[BlackElo "1530"]
[WhiteClock "01:03:35"]
[BlackClock "00:37:57"]
[PlyCount "81"]
[WhiteFideId "533019940"]
[BlackFideId "8643792"]
[EventCountry "GER"]
[EventRounds "9"]
[EventType "swiss"]
[EventDate "2025.06.07"]

1. e4 {[%clk 01:30:44]} {[%emt 00:00:16]} e5 {[%clk 01:28:35]} {[%emt
00:02:25]} 2. Nf3 {[%clk 01:27:52]} {[%emt 00:03:22]} Nc6 {[%clk 01:28:54]}
{[%emt 00:00:12]} 3. Bc4 {[%clk 01:27:02]} {[%emt 00:01:20]} Bc5 {[%clk
01:28:03]} {[%emt 00:01:21]} 4. c3 {[%clk 01:26:52]} {[%emt 00:00:40]} Nf6
{[%clk 01:27:21]} {[%emt 00:01:12]} 5. d4 {[%clk 01:23:15]} {[%emt 00:04:07]}
exd4 {[%clk 01:26:14]} {[%emt 00:01:37]} 6. cxd4 {[%clk 01:21:43]} {[%emt
00:02:02]} Bb4+ {[%clk 01:26:14]} {[%emt 00:00:31]} 7. Nc3 {[%clk 01:21:26]}
{[%emt 00:00:47]} Nxe4 {[%clk 01:26:03]} {[%emt 00:00:41]} 8. O-O {[%clk
01:20:36]} {[%emt 00:01:20]} Bxc3 {[%clk 01:23:24]} {[%emt 00:03:03]} 9. d5
{[%clk 01:19:37]} {[%emt 00:01:34]} Ne7 {[%clk 01:11:08]} {[%emt 00:12:46]} 10.
bxc3 {[%clk 01:18:49]} {[%emt 00:01:18]} O-O {[%clk 01:05:05]} {[%emt
00:06:32]} 11. Re1 {[%clk 01:15:55]} {[%emt 00:03:24]} Nxc3 {[%clk 01:03:16]}
{[%emt 00:02:18]} 12. Qb3 {[%clk 01:14:24]} {[%emt 00:02:02]} b5 {[%clk
00:59:49]} {[%emt 00:03:57]} 13. Qxc3 {[%clk 01:13:46]} {[%emt 00:01:07]} bxc4
{[%clk 00:59:07]} {[%emt 00:01:12]} 14. Bb2 {[%clk 01:12:57]} {[%emt 00:01:19]}
f6 {[%clk 00:54:49]} {[%emt 00:04:46]} 15. Qxc4 {[%clk 01:12:18]} {[%emt
00:01:10]} d6 {[%clk 00:53:11]} {[%emt 00:02:09]} 16. Nd4 {[%clk 01:10:42]}
{[%emt 00:02:05]} Bb7 {[%clk 00:46:40]} {[%emt 00:07:01]} 17. Ne6 {[%clk
01:09:57]} {[%emt 00:01:15]} Bxd5 {[%clk 00:45:12]} {[%emt 00:01:57]} 18. Nxd8
{[%clk 01:10:02]} {[%emt 00:00:26]} Bxc4 {[%clk 00:45:32]} {[%emt 00:00:11]}
19. Rxe7 {[%clk 01:10:09]} {[%emt 00:00:23]} Rfxd8 {[%clk 00:45:04]} {[%emt
00:00:58]} 20. Rxc7 {[%emt 00:01:29]} Bf7 {[%clk 00:44:55]} {[%emt 00:00:15]}
21. Bd4 {[%clk 01:08:52]} {[%emt 00:01:11]} a6 {[%clk 00:42:57]} {[%emt
00:02:29]} 22. a4 {[%clk 01:08:35]} {[%emt 00:00:46]} Rac8 {[%clk 00:42:49]}
{[%emt 00:00:38]} 23. Rac1 {[%clk 01:08:03]} {[%emt 00:01:01]} Rxc7 {[%clk
00:42:36]} {[%emt 00:00:45]} 24. Rxc7 {[%clk 01:08:25]} {[%emt 00:00:08]} d5
{[%clk 00:40:18]} {[%emt 00:02:48]} 25. Bb6 {[%clk 01:06:59]} {[%emt 00:01:56]}
d4 {[%clk 00:39:48]} {[%emt 00:01:00]} 26. Rxf7 {[%clk 01:02:18]} {[%emt
00:05:11]} Kxf7 {[%clk 00:40:06]} 27. Bxd8 {[%clk 01:02:31]} {[%emt 00:00:29]}
Ke6 {[%clk 00:40:07]} {[%emt 00:00:30]} 28. Kf1 {[%clk 01:02:40]} {[%emt
00:00:20]} Kd5 {[%clk 00:39:59]} {[%emt 00:00:37]} 29. Ke2 {[%clk 01:02:51]}
{[%emt 00:00:19]} Kc4 {[%clk 00:39:52]} {[%emt 00:00:36]} 30. Kd2 {[%clk
01:02:48]} {[%emt 00:00:35]} f5 {[%clk 00:39:15]} {[%emt 00:01:06]} 31. f4
{[%clk 01:02:50]} {[%emt 00:00:28]} g6 {[%clk 00:38:50]} {[%emt 00:00:55]} 32.
h4 {[%clk 01:02:54]} {[%emt 00:00:27]} h5 {[%clk 00:39:01]} {[%emt 00:00:19]}
33. Bf6 {[%clk 01:03:08]} {[%emt 00:00:16]} a5 {[%clk 00:37:46]} {[%emt
00:01:45]} 34. g3 {[%clk 01:03:23]} {[%emt 00:00:13]} Kb4 {[%emt 00:01:12]} 35.
Kd3 {[%clk 01:03:06]} {[%emt 00:00:36]} Kxa4 {[%clk 00:37:10]} {[%emt
00:00:35]} 36. Kxd4 {[%clk 01:02:48]} {[%emt 00:00:49]} Kb4 {[%emt 00:00:17]}
37. Be7+ {[%clk 01:02:54]} {[%emt 00:00:22]} Kb3 {[%clk 00:37:39]} 38. Ke5
{[%clk 01:03:14]} {[%emt 00:00:25]} Kc3 {[%clk 00:37:45]} {[%emt 00:00:24]} 39.
Kf6 {[%clk 01:03:15]} {[%emt 00:00:29]} a4 {[%clk 00:37:57]} {[%emt 00:00:19]}
40. Kxg6 {[%clk 01:03:35]} {[%emt 00:00:10]} Kd3 41. Kxf5 {[%clk 01:03:35]} 1-0

[Event "DEM U10 2025"]
[Site "Willingen GER"]
[Date "2025.06.14"]
[Round "9"]
[White "Schmidt, Fabian"]
[Black "Hübner, Jakob"]
[Result "0-1"]
[Termination "normal"]
[Board "25"]
[WhiteElo "1407"]
[BlackElo "1314"]
[WhiteClock "01:00:52"]
[BlackClock "01:10:02"]
[PlyCount "150"]
[WhiteFideId "533043515"]
[BlackFideId "34684107"]
[EventCountry "GER"]
[EventRounds "9"]
[EventType "swiss"]
[EventDate "2025.06.07"]

1. h3 {[%clk 01:30:59]} d5 {[%clk 01:30:50]} {[%emt 00:00:11]} 2. c3 {[%clk
01:31:25]} {[%emt 00:00:04]} Nf6 {[%clk 01:31:09]} {[%emt 00:00:11]} 3. Nf3
{[%clk 01:31:44]} {[%emt 00:00:11]} Bf5 {[%clk 01:31:19]} {[%emt 00:00:19]} 4.
d4 {[%clk 01:32:03]} {[%emt 00:00:12]} c6 {[%clk 01:31:09]} {[%emt 00:00:40]}
5. Bf4 {[%clk 01:31:53]} {[%emt 00:00:39]} Qb6 {[%clk 01:31:35]} {[%emt
00:00:05]} 6. Qb3 {[%clk 01:31:29]} {[%emt 00:00:54]} h6 {[%clk 01:31:51]}
{[%emt 00:00:14]} 7. e3 {[%clk 01:31:19]} {[%emt 00:00:40]} e6 {[%clk
01:32:15]} {[%emt 00:00:06]} 8. Be2 {[%clk 01:31:34]} {[%emt 00:00:15]} Be7
{[%clk 01:32:37]} {[%emt 00:00:08]} 9. Nbd2 {[%clk 01:31:48]} {[%emt 00:00:16]}
O-O {[%clk 01:33:01]} {[%emt 00:00:06]} 10. Rg1 {[%clk 01:30:50]} {[%emt
00:01:28]} Nbd7 {[%clk 01:32:30]} {[%emt 00:01:01]} 11. g4 {[%clk 01:30:37]}
{[%emt 00:00:42]} Bh7 {[%clk 01:32:46]} {[%emt 00:00:14]} 12. g5 {[%clk
01:29:54]} {[%emt 00:01:14]} hxg5 {[%clk 01:32:17]} {[%emt 00:00:59]} 13. Bxg5
{[%clk 01:29:45]} {[%emt 00:00:38]} Kh8 {[%clk 01:31:45]} {[%emt 00:01:02]} 14.
Ne5 {[%clk 01:29:20]} {[%emt 00:00:56]} Bd6 {[%clk 01:31:05]} {[%emt 00:01:10]}
15. Bxf6 {[%clk 01:29:08]} {[%emt 00:00:43]} Nxf6 {[%clk 01:31:24]} {[%emt
00:00:11]} 16. c4 {[%clk 01:25:28]} {[%emt 00:04:10]} Bxe5 {[%emt 00:00:26]}
17. dxe5 {[%clk 01:24:46]} {[%emt 00:01:10]} Nd7 {[%clk 01:30:59]} {[%emt
00:01:00]} 18. Qxb6 {[%clk 01:23:19]} {[%emt 00:01:57]} axb6 {[%clk 01:30:28]}
{[%emt 00:01:00]} 19. f4 {[%clk 01:22:55]} {[%emt 00:00:55]} Nc5 {[%clk
01:29:21]} {[%emt 00:01:37]} 20. cxd5 {[%clk 01:22:14]} {[%emt 00:01:11]} exd5
{[%clk 01:29:35]} {[%emt 00:00:16]} 21. h4 {[%clk 01:18:56]} {[%emt 00:03:48]}
Ne6 {[%clk 01:28:36]} {[%emt 00:01:28]} 22. Nf3 {[%clk 01:07:28]} {[%emt
00:11:58]} Rfd8 {[%clk 01:27:08]} {[%emt 00:01:56]} 23. Ng5 {[%clk 01:02:46]}
{[%emt 00:05:14]} Nxg5 {[%clk 01:27:12]} {[%emt 00:00:26]} 24. hxg5 {[%clk
01:02:51]} {[%emt 00:00:25]} d4 {[%clk 01:26:59]} {[%emt 00:00:43]} 25. Kf2
{[%clk 01:02:35]} {[%emt 00:00:46]} dxe3+ {[%clk 01:25:35]} {[%emt 00:01:54]}
26. Kxe3 {[%clk 01:02:29]} {[%emt 00:00:36]} Ra4 {[%clk 01:24:31]} {[%emt
00:01:35]} 27. Rh1 {[%clk 01:00:16]} {[%emt 00:02:43]} Kg8 {[%clk 01:24:06]}
{[%emt 00:00:55]} 28. Rh4 {[%clk 01:00:06]} {[%emt 00:00:39]} Re4+ {[%clk
01:23:36]} {[%emt 00:01:00]} 29. Kf3 {[%clk 00:59:51]} {[%emt 00:00:45]} Rd2
{[%clk 01:23:00]} {[%emt 00:01:06]} 30. Rh2 {[%clk 00:55:49]} {[%emt 00:04:33]}
Red4 {[%clk 01:22:15]} {[%emt 00:01:14]} 31. Rah1 {[%clk 00:54:06]} {[%emt
00:02:12]} Be4+ {[%clk 01:22:35]} {[%emt 00:00:12]} 32. Ke3 {[%clk 00:54:30]}
{[%emt 00:00:05]} Bxh1 {[%emt 00:00:29]} 33. Rxh1 {[%clk 00:54:46]} Rd8 {[%clk
01:23:01]} {[%emt 00:00:19]} 34. f5 {[%clk 00:53:56]} {[%emt 00:01:20]} R2d5
{[%clk 01:22:44]} {[%emt 00:00:46]} 35. Kf4 {[%clk 00:53:52]} {[%emt 00:00:35]}
Re8 {[%clk 01:22:10]} {[%emt 00:01:04]} 36. g6 {[%clk 00:53:34]} {[%emt
00:00:48]} Rexe5 {[%clk 01:21:23]} {[%emt 00:01:16]} 37. gxf7+ {[%clk
00:53:42]} {[%emt 00:00:23]} Kxf7 {[%clk 01:20:20]} {[%emt 00:01:24]} 38. Bc4
{[%clk 00:53:57]} {[%emt 00:00:24]} Rxf5+ {[%clk 01:20:38]} {[%emt 00:00:11]}
39. Ke4 {[%clk 00:54:20]} {[%emt 00:00:08]} Rfe5+ {[%clk 01:19:55]} {[%emt
00:01:12]} 40. Kf3 {[%clk 00:54:10]} {[%emt 00:00:40]} Kf6 {[%clk 01:19:04]}
{[%emt 00:01:21]} 41. Bxd5 {[%clk 00:54:24]} {[%emt 00:00:17]} Rxd5 {[%clk
01:19:16]} {[%emt 00:00:18]} 42. Rh2 {[%clk 00:54:40]} {[%emt 00:00:13]} Rd4
{[%clk 01:17:36]} {[%emt 00:02:11]} 43. Rf2 {[%clk 00:53:21]} {[%emt 00:01:48]}
c5 {[%emt 00:04:35]} 44. a3 {[%clk 00:53:16]} g5 {[%clk 01:13:52]} {[%emt
00:00:45]} 45. Ke3+ {[%clk 00:53:08]} {[%emt 00:00:37]} Kg6 {[%clk 01:13:58]}
{[%emt 00:00:24]} 46. b4 {[%clk 00:53:19]} {[%emt 00:00:19]} Rc4 {[%clk
01:13:40]} {[%emt 00:00:48]} 47. Kd3 {[%clk 00:53:28]} {[%emt 00:00:21]} Rh4
{[%clk 01:12:35]} {[%emt 00:01:35]} 48. bxc5 {[%emt 00:00:51]} bxc5 {[%clk
01:12:04]} {[%emt 00:01:00]} 49. Rf3 {[%clk 00:53:21]} {[%emt 00:00:17]} Rf4
{[%clk 01:11:29]} {[%emt 00:01:05]} 50. Rg3 {[%clk 00:53:44]} {[%emt 00:00:08]}
Kf5 {[%clk 01:10:57]} {[%emt 00:01:01]} 51. Ke3 {[%clk 00:53:23]} {[%emt
00:00:51]} Re4+ {[%emt 00:00:56]} 52. Kf3 {[%clk 00:53:15]} {[%emt 00:00:07]}
g4+ {[%clk 01:10:23]} {[%emt 00:01:10]} 53. Kf2 {[%clk 00:53:34]} {[%emt
00:00:10]} c4 {[%emt 00:01:52]} 54. Rc3 {[%clk 00:53:44]} b5 {[%clk 01:09:16]}
{[%emt 00:00:35]} 55. Kg3 {[%clk 00:53:58]} {[%emt 00:00:16]} Rd4 {[%clk
01:09:01]} {[%emt 00:00:45]} 56. Kf2 {[%clk 00:54:09]} {[%emt 00:00:20]} Rd2+
{[%clk 01:08:17]} {[%emt 00:01:14]} 57. Ke1 {[%clk 00:54:27]} {[%emt 00:00:11]}
Rd3 {[%clk 01:08:00]} {[%emt 00:00:48]} 58. Rxd3 {[%clk 00:54:46]} {[%emt
00:00:11]} cxd3 {[%clk 01:08:04]} {[%emt 00:00:26]} 59. Kd2 {[%clk 00:55:10]}
{[%emt 00:00:07]} g3 {[%clk 01:07:40]} {[%emt 00:00:54]} 60. Kxd3 {[%clk
00:55:32]} {[%emt 00:00:08]} g2 {[%clk 01:08:01]} {[%emt 00:00:09]} 61. a4
{[%clk 00:55:48]} {[%emt 00:00:14]} g1=Q {[%clk 01:07:13]} {[%emt 00:00:59]}
62. axb5 {[%clk 00:56:10]} {[%emt 00:00:26]} Qf1+ {[%clk 01:07:32]} {[%emt
00:00:12]} 63. Ke3 {[%clk 00:56:34]} {[%emt 00:00:05]} Qxb5 {[%clk 01:07:54]}
{[%emt 00:00:09]} 64. Kd4 {[%clk 00:57:00]} {[%emt 00:00:03]} Kg4 {[%clk
01:07:46]} {[%emt 00:00:37]} 65. Ke4 {[%clk 00:57:07]} {[%emt 00:00:24]} Qc5
{[%clk 01:07:55]} {[%emt 00:00:21]} 66. Kd3 {[%clk 00:57:30]} {[%emt 00:00:07]}
Qb4 {[%emt 00:00:44]} 67. Ke3 {[%clk 00:57:40]} {[%emt 00:00:03]} Qc4 {[%clk
01:08:22]} {[%emt 00:00:05]} 68. Kd2 {[%clk 00:58:03]} {[%emt 00:00:08]} Qb3
{[%clk 01:08:29]} {[%emt 00:00:23]} 69. Ke2 {[%clk 00:58:26]} {[%emt 00:00:07]}
Qc3 {[%clk 01:08:50]} {[%emt 00:00:10]} 70. Kd1 {[%clk 00:58:48]} {[%emt
00:00:07]} Qb2 {[%clk 01:08:52]} {[%emt 00:00:28]} 71. Ke1 {[%clk 00:59:11]}
{[%emt 00:00:07]} Qc2 {[%clk 01:09:07]} {[%emt 00:00:15]} 72. Kf1 {[%clk
00:59:37]} {[%emt 00:00:05]} Qd2 {[%clk 01:09:27]} {[%emt 00:00:10]} 73. Kg1
{[%clk 01:00:03]} {[%emt 00:00:04]} Qe2 {[%clk 01:09:48]} {[%emt 00:00:09]} 74.
Kh1 {[%clk 01:00:28]} {[%emt 00:00:04]} Kg3 {[%clk 01:10:08]} {[%emt 00:00:09]}
75. Kg1 {[%clk 01:00:52]} {[%emt 00:00:07]} Qg2# {[%clk 01:10:02]} {[%emt
00:00:05]} 0-1

[Event "DEM U10 2025"]
[Site "Willingen GER"]
[Date "2025.06.14"]
[Round "9"]
[White "Frerich, Theo"]
[Black "Kindermann, Justus"]
[Result "0-1"]
[Termination "normal"]
[Board "26"]
[WhiteElo "1167"]
[BlackElo "1635"]
[WhiteClock "00:59:19"]
[BlackClock "00:27:38"]
[PlyCount "40"]
[WhiteFideId "533003505"]
[BlackFideId "34678840"]
[EventCountry "GER"]
[EventRounds "9"]
[EventType "swiss"]
[EventDate "2025.06.07"]

1. e4 {[%clk 01:30:59]} e5 {[%clk 01:30:27]} {[%emt 00:00:34]} 2. Nf3 {[%clk
01:31:25]} {[%emt 00:00:04]} Nf6 {[%clk 01:30:49]} {[%emt 00:00:08]} 3. Nxe5
{[%clk 01:31:51]} {[%emt 00:00:04]} d6 {[%clk 01:31:16]} {[%emt 00:00:04]} 4.
Nf3 {[%clk 01:32:13]} {[%emt 00:00:08]} Nxe4 {[%clk 01:31:42]} {[%emt
00:00:04]} 5. d4 {[%clk 01:32:24]} {[%emt 00:00:19]} d5 {[%clk 01:32:08]}
{[%emt 00:00:05]} 6. Bd3 {[%clk 01:32:46]} {[%emt 00:00:08]} Be6 {[%clk
01:32:22]} {[%emt 00:00:14]} 7. O-O {[%clk 01:32:54]} {[%emt 00:00:23]} f5
{[%clk 01:32:25]} {[%emt 00:00:27]} 8. Bf4 {[%clk 01:31:22]} {[%emt 00:02:02]}
Be7 {[%clk 01:29:12]} {[%emt 00:03:41]} 9. Nbd2 {[%clk 01:28:28]} {[%emt
00:03:26]} Nd7 {[%clk 01:19:06]} {[%emt 00:10:34]} 10. Ne5 {[%clk 01:27:30]}
{[%emt 00:01:30]} O-O {[%clk 01:00:16]} {[%emt 00:19:20]} 11. Bb5 {[%clk
01:14:44]} {[%emt 00:13:17]} c6 {[%clk 00:59:45]} {[%emt 00:01:00]} 12. Ba4
{[%clk 01:13:21]} {[%emt 00:01:52]} g5 {[%clk 00:52:34]} {[%emt 00:07:42]} 13.
Nxd7 {[%emt 00:03:17]} Bxd7 {[%clk 00:51:07]} {[%emt 00:00:36]} 14. Be5 {[%clk
01:12:11]} {[%emt 00:00:15]} Bf6 {[%clk 00:45:31]} {[%emt 00:06:05]} 15. Nf3
{[%clk 01:09:56]} {[%emt 00:02:45]} g4 {[%clk 00:45:13]} {[%emt 00:00:47]} 16.
Bxf6 {[%clk 01:10:00]} {[%emt 00:00:27]} Qxf6 {[%clk 00:44:52]} {[%emt
00:00:51]} 17. Ne5 {[%emt 00:00:36]} Rad8 {[%clk 00:41:02]} {[%emt 00:04:14]}
18. Bb3 {[%clk 01:09:02]} {[%emt 00:01:29]} Qh4 {[%clk 00:29:50]} {[%emt
00:11:42]} 19. f3 {[%clk 01:02:44]} {[%emt 00:06:48]} g3 {[%clk 00:27:38]}
{[%emt 00:02:41]} 20. fxe4 {[%clk 00:59:19]} {[%emt 00:03:56]} Qxh2# {[%emt
00:04:04]} 0-1